| 000 | 02050cam a22003858i 4500 | ||
|---|---|---|---|
| 001 | 21345339 | ||
| 003 | EG-ScBUE | ||
| 005 | 20250224093123.0 | ||
| 008 | 191226t2023 maua f 001 0 eng d | ||
| 020 | _a9781292444765 | ||
| 020 | _a1292444762 | ||
| 040 |
_aDLC _beng _erda _cDLC _dEG-ScBUE |
||
| 082 | 0 | 4 |
_a519.5 _222 _bAGR |
| 100 | 1 |
_aAgresti, Alan, _eauthor. |
|
| 245 | 1 | 4 |
_aStatistics : _bthe art and science of learning from data / _cAlan Agresti, University of Florida, Christine Franklin, University of Georgia, Bernhard Klingenberg, Williams College and New College of Florida. |
| 250 | _aFifth edition. | ||
| 250 | _aGlobal edition. | ||
| 264 | 1 |
_aBoston : _bPearson, _c[2023] |
|
| 264 | 4 | _cc2023 | |
| 300 |
_a1 volume (various pagings) : _bcolor illustrations ; _c30 cm |
||
| 336 |
_atext _btxt _2rdacontent |
||
| 337 |
_aunmediated _bn _2rdamedia |
||
| 338 |
_avolume _bnc _2rdacarrier |
||
| 500 | _aIncludes index. | ||
| 500 | _aIncludes Appendices. | ||
| 520 |
_a"One of our goals in writing this book was to help make the conceptual approach more interesting and more readily accessible to students. At the end of the course, we want students to look back at their statistics course and realize that they learned practical concepts that will serve them well for the rest of their lives. We also want students to come to appreciate that in practice, assumptions are not perfectly satisfied, models are not exactly correct, distributions are not exactly normally distributed, and different factors should be considered in conducting a statistical analysis. The title of our book reflects the experience of data analysts, who soon realize that statistics is an art as well as a science"-- _cProvided by publisher. |
||
| 650 | 7 |
_aStatistics _vTextbooks. _2BUEsh |
|
| 653 |
_cFebruary2025 _bENGGEN |
||
| 655 | _vReading book | ||
| 700 | 1 |
_aFranklin, Chrstine A., _eauthor. |
|
| 700 | 1 |
_aKlingenberg, Bernhard, _eauthor. |
|
| 906 |
_a7 _bcbc _corignew _d1 _eecip _f20 _gy-gencatlg |
||
| 942 |
_2ddc _cBB |
||
| 999 |
_c30916 _d30887 |
||